Darbar Dil / دربار دل (Record no. 534185)
[ view plain ]
| 000 -LEADER | |
|---|---|
| fixed length control field | 00319nam a22001337a 4500 |
| 020 ## - INTERNATIONAL STANDARD BOOK NUMBER | |
| International Standard Book Number | 978-9621551092 |
| 040 ## - CATALOGING SOURCE | |
| Transcribing agency | MSOHAIL |
| 082 ## - DEWEY DECIMAL CLASSIFICATION NUMBER | |
| Classification number | 891.4393 |
| 100 ## - MAIN ENTRY--PERSONAL NAME | |
| Personal name | Umaira Ahmad |
| 9 (RLIN) | 2510 |
| 245 ## - TITLE STATEMENT | |
| Title | Darbar Dil / دربار دل |
| 260 ## - PUBLICATION, DISTRIBUTION, ETC. | |
| Place of publication, distribution, etc. | Lahore |
| Name of publisher, distributor, etc. | Ilm o Irfan Publications |
| Date of publication, distribution, etc. | c2010 |
| 300 ## - PHYSICAL DESCRIPTION | |
| Extent | 160;p |
| 942 ## - ADDED ENTRY ELEMENTS (KOHA) | |
| Source of classification or shelving scheme | |
| Koha item type | Book |
| Withdrawn status | Lost status | Source of classification or shelving scheme | Damaged status | Not for loan | Permanent Location | Current Location | Date acquired | Total Checkouts | Full call number | Barcode | Date last seen | Date last checked out | Price effective from | Koha item type |
|---|---|---|---|---|---|---|---|---|---|---|---|---|---|---|
| School of Civil and Environmental Engineering (SCEE) | School of Civil and Environmental Engineering (SCEE) | 02/07/2020 | 1 | 891.4393 | NIT-9676 | 02/13/2023 | 09/16/2022 | 02/07/2020 | Book |
